| 000 | 00533pam a2200217 i 4500 | ||
|---|---|---|---|
| 001 | 1744202 | ||
| 005 | 20180302054108.0 | ||
| 008 | 750619s1976 nyua b 001 0 eng | ||
| 010 | _a 75020089 | ||
| 020 | _a047181220X | ||
| 040 |
_aDLC _cDLC _dDLC |
||
| 041 | _aeng | ||
| 080 | _a547 | ||
| 082 | 0 | 0 | _a547 SOL |
| 100 | 1 | _a12 | |
| 101 | _aKIM | ||
| 245 | 1 | 0 |
_aOrganic chemistry / _cT. W. Graham Solomons. |
| 504 | _aBibliography: p. [1007]-1011. | ||
| 906 |
_a7 _bcbc _corignew _d1 _eocip _f19 _gy-gencatlg |
||
| 942 |
_2ddc _cBK |
||
| 999 |
_c44009 _d44009 |
||